Normal view
MARC view
Entry Topical Term
001 - CONTROL NUMBER
- control field: 6135
003 - CONTROL NUMBER IDENTIFIER
- control field: BD-RjUL
005 - DATE AND TIME OF LATEST TRANSACTION
- control field: 20221205113536.0
008 - FIXED-LENGTH DATA ELEMENTS
- fixed length control field: 221205|| aca||aabn | a|a d
040 ## - CATALOGING SOURCE
- Original cataloging agency: BD-RjUL
- Transcribing agency: BD-RjUL
150 ## - HEADING--TOPICAL TERM
- Topical term or geographic name entry element: Industrial policy
- Geographic subdivision: Sudan
670 ## - SOURCE DATA FOUND
- Source citation: Work cat.: (BD-RjUL)80885: غنيم، عبد الرحمن= Ghoneim, Abdul Rahman 6134, الاستراتيجية القومية لدولة الإمارات العربية المتحدة al-Istirātījīyah al-qawmīyah lidawlat al'iimarat alearabiat almutahida /, د1978 1398